Tin-Glazed Earthenware 1300-1750 (Record no. 521)

MARC details
000 -CABECERA
campo de control de longitud fija 00739nam a2200193 a 4500
001 - NÚMERO DE CONTROL
campo de control BRCA_593
005 - FECHA Y HORA DE LA ÚLTIMA TRANSACCIÓN
campo de control 20190320203057.0
008 - DATOS DE LONGITUD FIJA--INFORMACIÓN GENERAL
campo de control de longitud fija 160508s2005----di-a---###---#000-0#eng-#
020 ## - NÚMERO INTERNACIONAL ESTÁNDAR DEL LIBRO
Número Internacional Estándar del Libro 8790786904
050 #4 - SIGNATURA TOPOGRÁFICA DE LA BIBLIOTECA DEL CONGRESO
Número de clasificación NK4270
Número de documento/Ítem .H68 2005
100 1# - ENTRADA PRINCIPAL--NOMBRE DE PERSONA
Nombre de persona Houkjaer, Ulla
9 (RLIN) 2044
245 10 - MENCIÓN DE TÍTULO
Título Tin-Glazed Earthenware 1300-1750
Resto del título Spain, Italy, France : Catalogue of the Collection
Mención de responsabilidad, etc. Ulla Houkjaer.
260 ## - PUBLICACIÓN, DISTRIBUCIÓN, ETC.
Lugar de publicación, distribución, etc. [Copenhague, Dinamarca]
Nombre del editor, distribuidor, etc. The Danish Museum of Art & Desing
Fecha de publicación, distribución, etc. 2005
300 ## - DESCRIPCIÓN FÍSICA
Extensión 242 p.
Otras características físicas il. a color, mapas
Dimensiones 24 cm.
504 ## - NOTA DE BIBLIOGRAFÍA, ETC.
Nota de bibliografía, etc. Bibliografía: p. 236-239
610 24 - PUNTO DE ACCESO ADICIONAL DE MATERIA--NOMBRE DE ENTIDAD CORPORATIVA
Nombre de entidad corporativa o nombre de jurisdicción como elemento de entrada Museo Danés de Arte y Diseño (Copenhague)
Subdivisión general Colecciones de cerámica
9 (RLIN) 2045
650 14 - PUNTO DE ACCESO ADICIONAL DE MATERIA--TÉRMINO DE MATERIA
Término de materia o nombre geográfico como elemento de entrada Cerámica vidriada y esmaltada
Subdivisión cronológica Siglos XIV a XVIII
Subdivisión geográfica Europa
9 (RLIN) 2046
942 ## - ELEMENTOS DE PUNTO DE ACCESO ADICIONAL (KOHA)
Fuente del sistema de clasificación o colocación Library of Congress Classification
Tipo de ítem Koha Libros
Holdings
Estado de retiro Estado de pérdida Estado dañado No para préstamo Localización permanente Ubicación/localización actual Fecha de adquisición Total de préstamos Signatura topográfica completa Código de barras Fecha visto por última vez Precio válido a partir de Tipo de ítem Koha
El ejemplar forma parte de la colección y puede ser consultado según las políticas vigentes.       Biblioteca del Museo Franz Mayer (Rogerio Casas-Alatriste) Biblioteca del Museo Franz Mayer (Rogerio Casas-Alatriste) 25/06/2008   NK4270 .H68 2005 00909 22/03/2019 22/03/2019 Libros